原神に登場する武器 - Statistics

General Stats
  • This quiz has been taken 33 times
    14 since last reset
  • The average score is 43 of 225
Answer Stats
武器種 入手方法 回答 % Correct
片手剣 祈願 5 風鷹剣
57%
片手剣 祈願 4 祭礼の剣
57%
片手剣 祈願 4 笛の剣
57%
片手剣 祈願(限定) 4 サイフォスの月明り
57%
片手剣 鍛造 4 鉄蜂の刺し
57%
片手剣 鍛造 4 原木刀
57%
片手剣 祈願 3 黎明の神剣
57%
片手剣 会話/宝箱 3 暗鉄剣
57%
長柄武器 祈願(限定) 5 草薙の稲光
57%
片手剣 祈願 5 天空の刃
43%
片手剣 祈願(限定) 5 霧切の廻光
43%
片手剣 祈願(限定) 5 波乱月白経津
43%
片手剣 祈願(限定) 5 聖顕の鍵
43%
片手剣 祈願(限定) 5 岩峰を巡る歌
43%
片手剣 祈願 4 西風剣
43%
片手剣 紀行 4 黒剣
43%
片手剣 鍛造 4 天目影打
43%
片手剣 鍛造 4 海淵のフィナーレ
43%
片手剣 イベント配布 4 シナバースピンドル
43%
片手剣 釣り 4 サーンドルの渡し守
43%
片手剣 祈願 3 飛天御剣
43%
両手剣 祈願 5 狼の末路
43%
両手剣 祈願(限定) 4 マカイラの水色
43%
長柄武器 祈願 5 天空の脊
43%
長柄武器 祈願(限定) 5 破天の槍
43%
長柄武器 祈願(限定) 5 護摩の杖
43%
長柄武器 祈願(限定) 5 赤砂の杖
43%
長柄武器 祈願(限定) 5 赤月のシルエット
43%
法器 祈願(限定) 5 神楽の真意
43%
法器 祈願(限定) 5 トゥライトゥーラの記憶
43%
法器 初期装備 1 生徒ノート
43%
祈願(限定) 5 飛雷の鳴弦
43%
祈願(限定) 5 若水
43%
祈願(限定) 5 狩人の道
43%
祈願(限定) 5 始まりの大魔術
43%
祈願 4 祭礼の弓
43%
片手剣 祈願(限定) 5 蒼古なる自由への誓い
29%
片手剣 祈願(限定) 5 静水流転の輝き
29%
片手剣 祈願(限定) 5 有楽御簾切
29%
片手剣 祈願(限定) 5 赦罪
29%
片手剣 祈願 4 匣中龍吟
29%
片手剣 祈願(限定) 4 船渠剣
29%
片手剣 紀行 4 狼牙
29%
片手剣 鍛造 4 静謐の笛
29%
片手剣 イベント配布 4 腐植の剣
29%
片手剣 任務報酬 4 籠釣瓶一心
29%
片手剣 宝箱 3 チ虎魚の刀
29%
片手剣 宝箱 3 旅道の剣
29%
片手剣 宝箱 2 銀の剣
29%
片手剣 初期装備 1 無鋒の剣
29%
両手剣 祈願 5 天空の傲
29%
両手剣 祈願(限定) 5 松韻の響く頃
29%
両手剣 祈願(限定) 5 赤角石塵滅砕
29%
両手剣 祈願(限定) 5 裁断
29%
両手剣 祈願(限定) 5 山の王の長牙
29%
両手剣 祈願 4 鐘の剣
29%
両手剣 祈願 4 西風大剣
29%
両手剣 祈願 4 祭礼の大剣
29%
両手剣 祈願 4 雨裁
29%
両手剣 祈願(限定) 4 惡王丸
29%
両手剣 交換 4 旧貴族大剣
29%
両手剣 鍛造 4 タイダル・シャドー
29%
両手剣 鍛造 4 アースシェイカー
29%
両手剣 宝箱 3 飛天大御剣
29%
長柄武器 祈願(限定) 5 息災
29%
長柄武器 祈願 4 匣中滅龍
29%
長柄武器 釣り 4 「漁獲」
29%
長柄武器 祈願 3 黒纓槍
29%
長柄武器 宝箱 3 白纓槍
29%
長柄武器 初期装備 1 新米の長槍
29%
法器 祈願 5 天空の巻
29%
法器 祈願 5 四風原典
29%
法器 祈願(限定) 5 不滅の月華
29%
法器 祈願(限定) 5 千夜に浮かぶ夢
29%
法器 祈願(限定) 5 凛流の監視者
29%
法器 祈願(限定) 5 サーフィンタイム
29%
法器 祈願 4 流浪楽章
29%
法器 祈願 4 祭礼の断片
29%
法器 祈願 4 昭心
29%
法器 イベント配布 4 ドドコの物語
29%
法器 祈願 3 龍殺しの英雄譚
29%
法器 祈願 3 魔導緒論
29%
法器 宝箱 2 ポケット魔導書
29%
祈願 5 アモスの弓
29%
祈願(限定) 4 幽夜のワルツ
29%
鍛造 4 リングボウ
29%
片手剣 祈願(限定) 5 磐岩結緑
14%
片手剣 祈願(限定) 5 翠光の裁葉
14%
片手剣 祈願(限定) 5 蒼耀
14%
片手剣 祈願(限定) 4 ダークアレイの閃光
14%
片手剣 祈願(限定) 4 ストロング・ボーン
14%
片手剣 祈願(限定) 4 月紡ぎの曙光
14%
片手剣 交換 4 旧貴族長剣
14%
片手剣 交換 4 黒岩の長剣
14%
片手剣 鍛造 4 斬岩・試作
14%
片手剣 鍛造 4 エズピツァルの笛
14%
片手剣 イベント配布 4 東花坊時雨
14%
片手剣 イベント配布 4 厄水の災い
14%
片手剣 特殊 4 降臨の剣
14%
片手剣 祈願 3 冷刃
14%
両手剣 祈願(限定) 5 無工の剣
14%
両手剣 祈願(限定) 5 千烈の日輪
14%
両手剣 祈願(限定) 4 千岩古剣
14%
両手剣 祈願(限定) 4 携帯型チェーンソー
14%
両手剣 紀行 4 螭龍の剣
14%
両手剣 紀行 4 話死合い棒
14%
両手剣 鍛造 4 白影の剣
14%
両手剣 鍛造 4 古華・試作
14%
両手剣 鍛造 4 雪葬の星銀
14%
両手剣 鍛造 4 桂木斬長正
14%
両手剣 イベント配布 4 銜玉の海皇
14%
両手剣 イベント配布 4 「スーパーアルティメット覇王魔剣」
14%
両手剣 祈願 3 理屈責め
14%
両手剣 祈願 3 鉄影段平
14%
両手剣 祈願 3 龍血を浴びた剣
14%
両手剣 初期装備 1 訓練用大剣
14%
長柄武器 祈願 5 和璞鳶
14%
長柄武器 祈願(限定) 5 ルミドゥースの挽歌
14%
長柄武器 祈願(限定) 5 香りのシンフォニスト
14%
長柄武器 祈願(限定) 5 血染めの荒れ地
14%
長柄武器 祈願 4 西風長槍
14%
長柄武器 祈願(限定) 4 千岩長槍
14%
長柄武器 祈願(限定) 4 斬波のひれ長
14%
長柄武器 祈願(限定) 4 プロスペクタードリル
14%
長柄武器 紀行 4 フィヨルドの歌
14%
長柄武器 鍛造 4 星鎌・試作
14%
長柄武器 鍛造 4 ドラゴンスピア
14%
長柄武器 鍛造 4 喜多院十文字槍
14%
長柄武器 鍛造 4 正義の報酬
14%
長柄武器 鍛造 4 金堀りのシャベル
14%
長柄武器 イベント配布 4 砂中の賢者達の問答
14%
長柄武器 イベント配布 4 玉響停の御噺
14%
長柄武器 宝箱 3 鉾槍
14%
法器 祈願(限定) 5 浮世の錠
14%
法器 祈願(限定) 5 久遠流転の大典
14%
法器 祈願(限定) 5 祭星者の眺め
14%
法器 祈願 4 西風秘典
14%
法器 祈願(限定) 4 彷徨える星
14%
法器 祈願(限定) 4 ダークアレイの酒と詩
14%
法器 交換 4 黒岩の緋玉
14%
法器 鍛造 4 金珀・試作
14%
法器 鍛造 4 万国諸海の図譜
14%
法器 鍛造 4 冬忍びの実
14%
法器 イベント配布 4 蒼紋の角杯
14%
法器 イベント配布 4 天光のリュート
14%
法器 宝箱 3 異世界旅行記
14%
祈願 5 天空の翼
14%
祈願(限定) 5 終焉を嘆く詩
14%
祈願(限定) 5 冬極の白星
14%
祈願(限定) 5 星鷲の紅き羽
14%
祈願 4 弓蔵
14%
祈願 4 絶弦
14%
祈願 4 西風猟弓
14%
祈願(限定) 4 ダークアレイの狩人
14%
祈願(限定) 4 曚雲の月
14%
鍛造 4 チェーンブレイカー
14%
イベント配布 4 落霞
14%
イベント配布 4 トキの嘴
14%
イベント配布 4 築雲
14%
釣り 4 竭沢
14%
祈願 3 弾弓
14%
祈願 3 シャープシューターの誓い
14%
祈願 3 鴉羽の弓
14%
宝箱 3 文使い
14%
宝箱 2 歴戦の狩猟弓
14%
初期装備 1 狩猟弓
14%
片手剣 祈願(限定) 5 斬山の刃
0%
片手剣 任務報酬 4 水仙十字の剣
0%
両手剣 祈願(限定) 5 葦海の標
0%
両手剣 祈願(限定) 4 実りの鉤鉈
0%
両手剣 交換 4 黒岩の斬刀
0%
両手剣 鍛造 4 深森のレガリア
0%
両手剣 鍛造 4 万能の鍵
0%
両手剣 イベント配布 4 鉄彩の花
0%
両手剣 イベント配布 4 知恵の溶炎
0%
両手剣 宝箱 3 白鉄の大剣
0%
両手剣 宝箱 2 傭兵の重剣
0%
長柄武器 祈願(限定) 5 砕け散る光輪
0%
長柄武器 祈願(限定) 4 鎮山の釘
0%
長柄武器 祈願(限定) 4 聖祭者の輝杖
0%
長柄武器 交換 4 旧貴族猟槍
0%
長柄武器 交換 4 黒岩の突槍
0%
長柄武器 紀行 4 死闘の槍
0%
長柄武器 鍛造 4 流月の針
0%
長柄武器 鍛造 4 ムーンピアサー
0%
長柄武器 鍛造 4 虹の行方
0%
長柄武器 イベント配布 4 風信の矛
0%
長柄武器 宝箱 2 鉄突槍
0%
法器 祈願(限定) 5 碧落の瓏
0%
法器 祈願(限定) 5 鶴鳴の余韻
0%
法器 祈願(限定) 5 寝正月の初晴
0%
法器 祈願(限定) 5 ヴィヴィッド・ハート
0%
法器 祈願(限定) 5 夜を紡ぐ天鏡
0%
法器 祈願(限定) 5 真言の匣
0%
法器 祈願(限定) 4 波乗りの旋回
0%
法器 祈願(限定) 4 霜辰
0%
法器 交換 4 旧貴族秘法辰
0%
法器 紀行 4 匣中日月
0%
法器 紀行 4 古祠の瓏
0%
法器 鍛造 4 白辰の輪
0%
法器 鍛造 4 満悦の実
0%
法器 鍛造 4 純水流華
0%
法器 鍛造 4 ヤシュチェの環
0%
法器 鍛造 4 烏髄の孤灯
0%
法器 イベント配布 4 果てなき紺碧の唄
0%
法器 イベント配布 4 誓いの明瞳
0%
法器 祈願 3 翡玉法珠
0%
法器 宝箱 3 特級の宝玉
0%
祈願(限定) 5 白雨心弦
0%
祈願(限定) 4 レンジゲージ
0%
祈願(限定) 4 花飾りの羽
0%
交換 4 旧貴族長弓
0%
交換 4 黒岩の戦弓
0%
紀行 4 蒼翠の狩猟弓
0%
紀行 4 烈日の後嗣
0%
鍛造 4 澹月・試作
0%
鍛造 4 破魔の弓
0%
鍛造 4 王の近侍
0%
鍛造 4 静寂の唄
0%
鍛造 4 網羅の針
0%
イベント配布 4 風花の頌歌
0%
イベント配布 4 冷寂の音
0%
限定配布 4 プレデター
0%
宝箱 3 リカーブボウ
0%
No matching quizzes found
Score Distribution
Percent of People with Each Score
Percentile by Number Answered
Your Score History
You have not taken this quiz since the last reset